| 000 | 01152nam a2200301 4500 | ||
|---|---|---|---|
| 003 | EG-GICUC | ||
| 005 | 20260415144020.0 | ||
| 008 | 260415s1956 fr ||||fr|||| 000 0 fre d | ||
| 040 |
_aEG-GiCUC _bfre _cEG-GiCUC _dEG-GiCUC _eRda |
||
| 041 |
_afre _hfre |
||
| 082 | 0 | 4 |
_221 _a341.83 _bCE . A |
| 092 | 0 | 4 | _221 |
| 099 | _aLaw 12 341.83 CE . A 1956 | ||
| 110 |
_aCentre national de la recherche scientifique. _eAuteur |
||
| 245 | 1 | 0 |
_aAnnuaire de législation étrangère: _bcontenant des notices sur l'évolution législative dans les différents pays deuxième tome / _cPar Centre national de la recherche scientifique. |
| 264 | 1 |
_aParis; _bLibrairie générale de droit et de jurisprudence, _c1956. |
|
| 300 |
_a576 page : _billustration ; _c 24 cm. |
||
| 336 |
_2rda contenu _a texte |
||
| 337 |
_2rda medias _aOrdinateur |
||
| 338 |
_2 transporteur rda _a Ressource en ligne |
||
| 504 | _aBibliography: pages 200-250. 240-220 | ||
| 546 | _aTexte en français | ||
| 650 | 1 |
_aDroit international privé _2qrmak |
|
| 651 | 1 | _2qrmak | |
| 856 | 4 | 0 | _uhttps://fll.law.cu.edu.eg/fulltext/bks/B12-02089.pdf |
| 905 | _a31 | ||
| 942 |
_2ddc _n0 _cBK _e21 |
||
| 999 |
_c71075 _d71075 |
||